| 000 | 01104nam a22002417a 4500 | ||
|---|---|---|---|
| 003 | OSt | ||
| 005 | 20180924072528.0 | ||
| 008 | 180302b xxu||||| |||| 00| 0 spa d | ||
| 020 | _a9501406814 | ||
| 040 | _cPJ | ||
| 100 |
_91825 _aMenéndez, Augusto Juan |
||
| 245 | 1 | 0 |
_aEl recurso de reposición contra la sentencia de quiebra : _b(la oposición a la declaración de falencia) / _cAugusto Juan Menéndez; prólogo del Dr. Héctor Cámara. |
| 260 |
_aBuenos Aires : _bDepalma, _c1993. |
||
| 300 |
_a471 p. _c23 cm. |
||
| 500 | _aNotas y citas a pie de página. | ||
| 504 | _aBibliografía: p. 451-471. | ||
| 505 | _tContenido: Introducción -- Los recursos en el régimen concursal -- El procedimiento de impugnación de la sentencia declarativa de quiebra. Naturaleza jurídica -- Antecedentes en la legislación comparada -- Antecedentes nacionales -- Recurso de reposición. | ||
| 650 | 0 |
_9267 _aDERECHO PROCESAL |
|
| 650 | 0 |
_91955 _aRECURSOS |
|
| 650 | 0 |
_92164 _aRECURSO DE REPOSICION (PROCESAL) |
|
| 700 |
_91704 _aCámara, Héctor _eprologuista |
||
| 942 |
_2udc _cLIB _h342.955 _iMEN |
||
| 999 |
_c1526 _d1526 |
||